| 000 | 00890nam a22002057a 4500 | ||
|---|---|---|---|
| 999 |
_c235875 _d235875 |
||
| 008 | 201130b ||||| |||| 00| 0 eng d | ||
| 040 |
_bger _cDE-2950 _erda _aDE-2950 |
||
| 041 | _ager | ||
| 100 | _aTargiel, Ralf-Rüdiger: | ||
| 245 |
_aBrückenbauen nach 1945. _bStadtgeschichte: In Kooperation mit dem Stadtarchiv zeigt der Stadtbote regelmäßig ein historisches Bild und erzählt die Geschichte dahinter. Diesmal: Brückenbauwerke über die Oder in Frankfurt nach Ende des Zweiten Weltkriegs / _cRalf-Rüdiger Targiel |
||
| 264 | _c2021 | ||
| 653 | _aFrankfurt (Oder) | ||
| 653 | _aOderbrücke / Stadtbrücke | ||
| 653 | _aBau | ||
| 773 |
_dFrankfurt (Oder): Märkisches Verlags- und Druckhaus GmbH & Co KG _g32. Jahrgang (2021) Nr. 155 vom 07.07.2021, S.15. : Foto _tMärkische Oderzeitung |
||
| 942 | _cA | ||